| 000 | 00514nam a2200157Ia 4500 | ||
|---|---|---|---|
| 999 |
_c19550 _d19550 |
||
| 003 | OSt | ||
| 005 | 20200602154150.0 | ||
| 008 | 190216s9999||||xx |||||||||||||| ||und|| | ||
| 040 | _coclc | ||
| 082 |
_a954 _bAGN/C |
||
| 100 |
_aAgnihotri, V K _92338 |
||
| 245 | 0 |
_aComplete Guide To General Studies With Answers For Civil Services Preliminary Examiniation / _cV K Agnihotri |
|
| 260 |
_bAllied Publications, _c1983. _aNew Delhi: |
||
| 300 | _a940p | ||
| 942 |
_cBK _2ddc _h954 _iAGN/C _k954 _mAGN/C |
||